Introduction to solid state physics / (Record no. 10364)
[ view plain ]
| 000 -LEADER | |
|---|---|
| fixed length control field | 00717nam a2200277 a 4500 |
| 001 - CONTROL NUMBER | |
| JCCL Control Number | 10364 |
| 003 - CONTROL NUMBER IDENTIFIER | |
| JCCL marc code | BD-JhCC |
| 005 - DATE AND TIME OF LATEST TRANSACTION | |
| control field | 20180522125458.0 |
| 008 - FIXED-LENGTH DATA ELEMENTS--GENERAL INFORMATION | |
| fixed length control field | 180424s20172005ii a 000 0 eng u |
| 020 ## - INTERNATIONAL STANDARD BOOK NUMBER | |
| International Standard Book Number | 9878126535187 |
| 035 ## - SYSTEM CONTROL NUMBER | |
| system control number | 07-03/L |
| -- | (BD-JhCC)10364 |
| 040 ## - CATALOGING SOURCE | |
| Original cataloging agency | DLC |
| Transcribing agency | WIT |
| Modifying agency | m.c |
| -- | SER |
| -- | BD-JhCC |
| 041 ## - LANGUAGE CODE | |
| Language code of Book | eng |
| 050 #0 - LIBRARY OF CONGRESS CALL NUMBER | |
| Classification number | QC171 |
| Item number | .K5 |
| 082 ## - DEWEY DECIMAL CLASSIFICATION NUMBER | |
| Classification number | 539.2 |
| Author mark and Year | KIT 2017 |
| 100 1# - MAIN ENTRY--PERSONAL NAME | |
| Personal name | Kittel, Charles. |
| 245 10 - TITLE STATEMENT | |
| Title | Introduction to solid state physics / |
| Statement of responsibility, etc | Charles Kittel, |
| 250 ## - EDITION STATEMENT | |
| Edition statement | 8th |
| 260 ## - PUBLICATION, DISTRIBUTION, ETC. (IMPRINT) | |
| Place of publication, distribution, etc | New Dheli : |
| Name of publisher, distributor, etc | Wiley, |
| Date of publication, distribution, etc | 2017. |
| 300 ## - PHYSICAL DESCRIPTION | |
| Pagination | 680 p. : |
| Other physical details | illus ; |
| Dimensions | 24 cm |
| 650 #0 - SUBJECT ADDED ENTRY--TOPICAL TERM | |
| Topical term or geographic name as entry element | Matter |
| General subdivision | Properties |
| 650 #0 - SUBJECT ADDED ENTRY--TOPICAL TERM | |
| Topical term or geographic name as entry element | Solids |
| 740 0# - | |
| Uncontrolled related/analytical title | Solid state physics |
| 942 ## - ADDED ENTRY ELEMENTS (KOHA) | |
| Source of classification or shelving scheme | Dewey Decimal Classification |
| Koha item type | Books |
| Source of classification or shelving scheme | Damaged status | Not for loan | Home library | Current library | Shelving location | Date of accession | Total Checkouts | Full call number | Barcode | Date last seen | Date checked out | Copy number | Koha item type |
|---|---|---|---|---|---|---|---|---|---|---|---|---|---|
| Dewey Decimal Classification | JCC Rouf Library | JCC Rouf Library | General Stacks | 04/24/2018 | 1 | 539.2 KIT 2017 | 13779 | 05/23/2024 | 05/20/2024 | C-1 | Books | ||
| Dewey Decimal Classification | JCC Rouf Library | JCC Rouf Library | General Stacks | 04/24/2018 | 539.2 KIT 2017 | 13778 | 04/24/2018 | C-2 | Books |